LEADER 01229nam a2200241 a 4500 001 000000127074 003 CaOOAMICUS 005 20111116122953.0 008 111116s1950 enkajf u000 u eng r 040 $aPUL$bita 100 1 $aKnowles, David,$d1896-$0(OLS)http://pul/name/5906 245 14$aThe monastic order in Englasd :$b a history of its development from the times of st. Dunstan to the fourth Lateran Council 943-1216 /$cby dom David Knowles. 260 $aCambridge :$bCambridge University Press,$c1950. 300 $axix, 764 p., [1] c. di tav. :$bill., tav. genealog. ;$c26 cm 504 $aInclude riferimenti bibliografici. 650 14$aMonachismo e ordini religiosi.$0(OLS)http://pul/subject/757 651 4$aInghilterra$xStoria ecclesistica$ySec. X-XIII.$0(OLS)http://pul/subject/38374 850 $aPUL 852 $aPUL$W1$xDP1 Fondo Maccarrone$y58$m1511 B 8$j146935$qFondi$B145629$CPULBib$Z2$F145629 $82 941 1 $a1 996 $6245$aThe monastic order in Englasd :$b a history of its development from the times of st. Dunstan to the fourth Lateran Council 943-1216$9(OLS)http://pul/title/160531 996 $6260$aCambridge :$bCambridge University Press$9(OLS)http://pul/publisher/50125 LEADER 01244nam a2200277 u 4500 001 000000037012 003 CaOOAMICUS 005 20070226113722.0 008 980401s1986 it u000 u lat u 020 $a8876525602 035 $a10788519 040 $aPUL(R)$bita 100 1 $aDe Paolis, Velasio.$0(OLS)http://pul/name/27165 245 10$aDe sanctionibus in Ecclesia :$badnotationes in Codicem: liber VI /$cVelasio De Paolis. 260 $aRomae :$bUniversità Gregoriana,$c1986. 300 $a133 p. ;$c24 cm 500 $aIn testa al front.: Pontificia Universitas Gregoriana. Facultas iuris canonici. 650 4$aDiritto canonico.$0(OLS)http://pul/subject/1294 710 2 $aPontificia Università Gregoriana.$bFacoltà di diritto canonico.$0(OLS)http://pul/name/27216 850 $aPUL 852 $aPUL$W1$xSL Diritto Canonico 1$y5$m155 D 3$j50651$nBK-PRI$b $qStampati$B50651$CPULBib$Z2$F50651 $H $81 941 1 $a8 961 $aINV: 73237 996 $6020$a8876525602$9(OLS)http://pul/number/46362 996 $6245$aDe sanctionibus in Ecclesia :$badnotationes in Codicem: liber VI$9(OLS)http://pul/title/50459 996 $6260$aRomae :$bUniversità Gregoriana$9(OLS)http://pul/publisher/58405